[Event "last chance to add points to your rating this year"]
[Site "SchemingMind.com"]
[Date "2009.12.12"]
[Round "-"]
[White "jtrochez1"]
[Black "calidore"]
[Result "1-0"]
[WhiteCountry "HON"]
[BlackCountry "ISR"]
[WhiteElo "1530"]
[WhiteRD "51"]
[BlackElo "1862"]
[BlackRD "76"]
[GameID "230562"]

1. e4 Nf6 2. Nc3 d5 3. exd5 Nxd5 4. Nf3 Nxc3 5. bxc3 e6 6. d4 Bd6 7. a4 O-O 8. Bd3 Nd7 9. Ba3 b6 10. O-O Bb7
11. c4 Qf6 12. Be2 Rad8 13. Bxd6 cxd6 14. c3 Rc8 15. Qb3 Rc7 16. Qa3 e5 17. dxe5 dxe5 18. Rad1 Nc5 19. a5 Ne4 20. a6 Bc6
21. Rd3 Ng5 22. Nxg5 Qxg5 23. Rg3 Qf6 24. f3 Qf4 25. Qc1 Qxc1 26. Rxc1 Bd7 27. Rd1 Be6 28. Ra1 Bxc4 29. Bxc4 Rxc4 30. Ra3 Rfc8
31. f4 exf4 32. Rf3 g5 33. h3 Kg7 34. Kh2 h5 35. Rd3 R8c7 36. Rf3
1-0

[Event "last chance to add points to your rating this year"]
[Site "SchemingMind.com"]
[Date "2009.12.14"]
[Round "-"]
[White "TONYTODD11"]
[Black "jtrochez1"]
[Result "1-0"]
[WhiteCountry "ENG"]
[BlackCountry "HON"]
[WhiteElo "1498"]
[WhiteRD "69"]
[BlackElo "1530"]
[BlackRD "51"]
[GameID "230991"]

1. d4 Nf6 2. c4 e6 3. Bg5 Be7 4. Qd3 d5 5. Nd2 c6 6. Qc3 O-O 7. Ngf3 Ne8 8. h4 Nd7 9. e3 Ndf6 10. c5 Nd7
11. Qd3 f5 12. Rh3 Ndf6 13. Rg3 Ne4 14. Bxe7 Qxe7 15. Nxe4 fxe4 16. Qc2 exf3 17. gxf3 e5 18. Bd3 Nf6 19. O-O-O e4 20. fxe4 dxe4
21. Bc4+ Be6 22. Rdg1 Bxc4 23. Qxc4+ Kh8 24. Qc3 Nd5 25. Qc2
1-0

[Event "last chance to add points to your rating this year"]
[Site "SchemingMind.com"]
[Date "2009.12.14"]
[Round "-"]
[White "TONYTODD11"]
[Black "calidore"]
[Result "0-1"]
[WhiteCountry "ENG"]
[BlackCountry "ISR"]
[WhiteElo "1477"]
[WhiteRD "82"]
[BlackElo "1995"]
[BlackRD "74"]
[GameID "230992"]

1. e4 Nf6 2. Nc3 d5 3. exd5 Nxd5 4. Bb5+ c6 5. Bc4 e5 6. Qf3 Be6 7. d3 Bb4 8. Bd2 Bxc3 9. Qe2 Bxd2+ 10. Qxd2 O-O
11. Qe2 Nf4 12. Qe4 Bd5 13. Qf5 Bxg2 14. O-O-O Bxh1 15. Qxe5 Ng6 16. Qg3 Bd5 17. Nh3 Nd7 18. Ng5 Nf6 19. Rg1 Bxc4 20. dxc4 Qd4
21. Nf3 Qxc4 22. Ne5 Qf4+
0-1

[Event "last chance to add points to your rating this year"]
[Site "SchemingMind.com"]
[Date "2009.12.14"]
[Round "-"]
[White "jtrochez1"]
[Black "TONYTODD11"]
[Result "1-0"]
[WhiteCountry "HON"]
[BlackCountry "ENG"]
[WhiteElo "1530"]
[WhiteRD "51"]
[BlackElo "1498"]
[BlackRD "69"]
[GameID "230993"]

1. e4 c6 2. d4 d5 3. e5 Bf5 4. Nf3 e6 5. Bd3 Ne7 6. Bxf5 Nxf5 7. c3 c5 8. O-O Qc7 9. Bf4 c4 10. Nbd2 Nd7
11. Rc1 Be7 12. Re1 f6 13. Nf1 g5 14. Bg3 g4 15. Nh4 Nxg3 16. fxg3 fxe5 17. Qxg4 Nf6 18. Qxe6 Ne4 19. Qxd5 Nf6 20. Qxe5 Qxe5
21. Rxe5 Ng4 22. Re2
1-0

[Event "last chance to add points to your rating this year"]
[Site "SchemingMind.com"]
[Date "2009.12.19"]
[Round "-"]
[White "calidore"]
[Black "TONYTODD11"]
[Result "0-1"]
[WhiteCountry "ISR"]
[BlackCountry "ENG"]
[WhiteElo "1862"]
[WhiteRD "76"]
[BlackElo "1498"]
[BlackRD "69"]
[GameID "230994"]

1. e4 c6 2. c3 d5 3. exd5 cxd5 4. d4 Nf6 5. Bd3 Bg4 6. Qb3 e6 7. Qxb7 Nbd7 8. Bf4 Qc8 9. Qxc8+ Rxc8 10. Nd2 Be7
11. h3 Bf5 12. Bxf5 exf5 13. Ngf3 Nh5 14. Bh2 f4 15. O-O g5 16. Rfe1 Ndf6 17. Nxg5 h6 18. Ngf3 Ne4 19. Nxe4 dxe4 20. Rxe4 Nf6
21. Re2 Nd5 22. Rae1 Rg8 23. Bxf4 Kd8
0-1

[Event "last chance to add points to your rating this year"]
[Site "SchemingMind.com"]
[Date "2009.12.17"]
[Round "-"]
[White "lemmie"]
[Black "jtrochez1"]
[Result "1-0"]
[WhiteCountry "NED"]
[BlackCountry "HON"]
[WhiteElo "1633"]
[WhiteRD "49"]
[BlackElo "1519"]
[BlackRD "55"]
[GameID "231396"]

1. e4 e5 2. Nf3 Nc6 3. Bc4 d6 4. Nc3 Be6 5. Bxe6 fxe6 6. d3 h6 7. h3 Be7 8. Be3 Bf6 9. Nh2 a6 10. Ng4 Qe7
11. Nxf6+ Nxf6 12. O-O g5 13. Ne2 d5 14. c3 d4 15. cxd4 exd4 16. Nxd4 Nxd4 17. Bxd4 Rf8 18. Rc1 c6 19. a3 Qf7 20. b4 Qg6
21. Qb3 Qg8 22. Bc5 e5 23. Qc3 Rf7 24. Qxe5+ Kd8 25. Bb6+ Kc8 26. d4 Qe8 27. Qxe8+ Nxe8 28. d5 Kd7 29. Rfd1 Kc8 30. dxc6 bxc6
31. Rxc6+ Kb7 32. Rdc1 Rf6 33. Rxf6 Nxf6 34. e5 Nd5 35. Bd4 Rc8 36. Rxc8 Kxc8 37. e6 Kd8 38. Bg7 h5 39. Bh6 g4 40. hxg4 hxg4
41. Bg5+ Ke8 42. Kf1 Nc3 43. Ke1 Ne4 44. Bh4 Nd6 45. Ke2 Nf5 46. Bg5 Nd4+ 47. Ke3 Nxe6 48. Bh4 Kd7 49. g3 Kd6 50. Ke4 Nc7
51. Kf4 Nb5 52. a4 Nc3 53. a5 Nd5+ 54. Kxg4 Nxb4 55. Kf5 Nc6 56. g4 Nxa5 57. g5 Nc4 58. g6
1-0

[Event "last chance to add points to your rating this year"]
[Site "SchemingMind.com"]
[Date "2009.12.16"]
[Round "-"]
[White "lemmie"]
[Black "TONYTODD11"]
[Result "1-0"]
[WhiteCountry "NED"]
[BlackCountry "ENG"]
[WhiteElo "1617"]
[WhiteRD "52"]
[BlackElo "1477"]
[BlackRD "82"]
[GameID "231397"]

1. e4 c6 2. d4 d5 3. Nc3 Nf6 4. e5 Ne4 5. Nxe4 dxe4 6. c4 e6 7. Ne2 f6 8. exf6 Qxf6 9. b3 e5 10. dxe5 Qxe5
11. Bf4 Qa5+ 12. Bd2 Qf5 13. Ng3 Qe5 14. Be2 Bc5 15. Rc1 Qf6 16. O-O Qg6 17. Bh5 Qxh5 18. Qxh5+ g6 19. Qxc5 Nd7 20. Qd4 Rf8
21. Qxe4+ Kd8 22. Bg5+ Nf6 23. Rfd1+ Bd7 24. Qh4 Ke7 25. Qxh7+ Rf7 26. Re1+ Be6 27. Qxg6 Raf8 28. Qf5
1-0

[Event "last chance to add points to your rating this year"]
[Site "SchemingMind.com"]
[Date "2009.12.16"]
[Round "-"]
[White "lemmie"]
[Black "calidore"]
[Result "0-1"]
[WhiteCountry "NED"]
[BlackCountry "ISR"]
[WhiteElo "1617"]
[WhiteRD "52"]
[BlackElo "1995"]
[BlackRD "74"]
[GameID "231398"]

1. e4 Nf6 2. e5 Nd5 3. d4 d6 4. Nf3 Bg4 5. c4 Nb6 6. Be2 Nc6 7. exd6 cxd6 8. Nbd2 g6 9. h3 Bxf3 10. Nxf3 Bg7
11. Be3 O-O 12. O-O e5 13. dxe5 dxe5 14. Qxd8 Raxd8 15. Rab1 Nd4 16. Nxd4 exd4 17. Bd2 d3 18. Bf3 Nxc4 19. Rfd1 Nxd2 20. Rxd2 b6
21. b3 Bh6 22. Rdd1 d2 23. h4 Rc8 24. g4 Bf4 25. Bb7 Rc7 26. Bd5 Rfc8
0-1

[Event "last chance to add points to your rating this year"]
[Site "SchemingMind.com"]
[Date "2009.12.17"]
[Round "-"]
[White "jtrochez1"]
[Black "lemmie"]
[Result "0-1"]
[WhiteCountry "HON"]
[BlackCountry "NED"]
[WhiteElo "1519"]
[WhiteRD "55"]
[BlackElo "1633"]
[BlackRD "49"]
[GameID "231399"]

1. e4 e5 2. Bc4 Nc6 3. Nc3 Bc5 4. Nf3 h6 5. Ne2 Nf6 6. d3 d6 7. h3 a6 8. a3 b5 9. Ba2 O-O 10. Bd2 Bb7
11. b4 Ba7 12. Qc1 Ne7 13. Ng3 Ng6 14. Bxh6 gxh6 15. Qxh6 Nh7 16. Nf5 Qf6 17. Qd2 Kh8 18. O-O-O Bc8 19. g4 Nf4 20. h4 Bxf5
21. gxf5 c5 22. Ng5 Rac8 23. c4 cxb4 24. axb4 Bd4 25. f3 Rg8 26. Nxh7 Kxh7 27. Rh2 Rg3 28. Rdh1 Rxf3 29. Kb1 Rxd3 30. Qe1 Bc3
31. Qf1 Bxb4 32. h5 bxc4 33. h6 Rb8 34. Kc2 Rc3+ 35. Kd1 Rd3+ 36. Kc2 Rd2+ 37. Rxd2 Bxd2 38. Kxd2 Rb2+ 39. Kc3 Rxa2 40. Qxc4 Rg2
41. Qxa6 Qe7 42. Rb1 Qc7+
0-1

[Event "last chance to add points to your rating this year"]
[Site "SchemingMind.com"]
[Date "2009.12.16"]
[Round "-"]
[White "TONYTODD11"]
[Black "lemmie"]
[Result "1-0"]
[WhiteCountry "ENG"]
[BlackCountry "NED"]
[WhiteElo "1498"]
[WhiteRD "69"]
[BlackElo "1630"]
[BlackRD "48"]
[GameID "231400"]

1. e4 e5 2. f4 exf4 3. Nf3 g5 4. h3 Nc6 5. Bc4 Bg7 6. c3 h5 7. Qb3 Qe7 8. d3 Na5 9. Qa4 Nxc4 10. Qxc4 c6
11. O-O b5 12. Qb3 d6 13. h4 Be6 14. c4 g4 15. Ng5 Bd4+ 16. Kh1 Qf6 17. Rxf4 Qe7 18. Nc3 Nh6 19. Ne2 Bb6 20. Bd2 Bd7
21. Re1 O-O-O 22. Bc3 bxc4 23. Qxc4 Rhg8 24. Bf6 Qe8 25. Bxd8 Bxd8 26. Nxf7 Nxf7 27. Rxf7 Bxh4 28. Nd4 Bxe1 29. Qa6+ Kb8 30. Nxc6+ Bxc6
31. Qxa7+ Kc8 32. Qc7#
1-0

[Event "last chance to add points to your rating this year"]
[Site "SchemingMind.com"]
[Date "2009.12.16"]
[Round "-"]
[White "calidore"]
[Black "lemmie"]
[Result "1-0"]
[WhiteCountry "ISR"]
[BlackCountry "NED"]
[WhiteElo "1995"]
[WhiteRD "74"]
[BlackElo "1617"]
[BlackRD "52"]
[GameID "231401"]

1. e4 e5 2. Nf3 Nc6 3. Bc4 Bc5 4. b4 Bxb4 5. c3 Ba5 6. d4 exd4 7. O-O dxc3 8. Qb3 d5 9. Bxd5 Be6 10. Bxe6 fxe6
11. Nxc3 Qe7 12. Ba3 Qd7 13. Rfd1 Qc8 14. Ng5 Nf6 15. Nxe6 Rg8 16. e5 Nxe5 17. Rd8+
1-0

[Event "last chance to add points to your rating this year"]
[Site "SchemingMind.com"]
[Date "2009.12.17"]
[Round "-"]
[White "Queeny"]
[Black "jtrochez1"]
[Result "1-0"]
[WhiteCountry "ENG"]
[BlackCountry "HON"]
[WhiteElo "1564"]
[WhiteRD "64"]
[BlackElo "1519"]
[BlackRD "55"]
[GameID "231427"]

1. e4 e5 2. Nf3 Nc6 3. d4 exd4 4. Bb5 d5 5. Nxd4 dxe4 6. Nxc6 Qxd1+ 7. Kxd1 Bd7 8. Nc3 bxc6 9. Ba4 f5 10. Bf4 Bd6
11. Be3 h6 12. Ke2 Nf6 13. Rhd1 O-O 14. Kf1 Be8 15. g3 Ng4 16. Kg1 Nxe3 17. fxe3 a6 18. Ne2 c5 19. Bxe8 Raxe8 20. c4 Rd8
21. Rd5 c6 22. Rd2 Be5 23. Rad1 Rxd2 24. Rxd2 a5 25. b3 Bf6 26. Nf4 Kh7 27. Ne6 Rf7 28. Nxc5 Bc3 29. Rd1 g5 30. Kg2 g4
31. h3 h5 32. Ne6 Rf6 33. Nf4 Kh6 34. hxg4 fxg4 35. Rd8 Rf5 36. Rd6+ Rf6 37. Rd8 Rf5 38. Ne2 Bb4 39. Nd4 Rc5 40. Rd6+ Kg7
41. Ne6+ Kf7 42. Nxc5 Bxc5 43. Rxc6 Bb4 44. Rh6 Kg7 45. Rxh5 Kg6 46. Re5 Kf6 47. Rxe4 Kf5 48. Re8 Ba3 49. e4+ Kf6 50. Kf2 Kf7
51. Re5 Bb4 52. c5 Kf6 53. Rd5 Ke6 54. c6 Bd6 55. Rxa5 Bc7 56. Rg5 Kd6 57. Rxg4 Kxc6 58. Rg8
1-0

[Event "last chance to add points to your rating this year"]
[Site "SchemingMind.com"]
[Date "2009.12.16"]
[Round "-"]
[White "Queeny"]
[Black "TONYTODD11"]
[Result "0-1"]
[WhiteCountry "ENG"]
[BlackCountry "ENG"]
[WhiteElo "1572"]
[WhiteRD "64"]
[BlackElo "1498"]
[BlackRD "69"]
[GameID "231428"]

1. e4 e5 2. Nf3 Nc6 3. Nc3 Nf6 4. Bb5 Ng4 5. Bxc6 dxc6 6. h3 Nf6 7. Nxe5 Be6 8. O-O Bd6 9. Nf3 Qd7 10. e5 Bxh3
11. exf6 gxf6 12. Qe1+ Be7 13. gxh3 Qxh3 14. Nh2 Rg8+ 15. Kh1 Qg2#
0-1

[Event "last chance to add points to your rating this year"]
[Site "SchemingMind.com"]
[Date "2009.12.16"]
[Round "-"]
[White "Queeny"]
[Black "calidore"]
[Result "0-1"]
[WhiteCountry "ENG"]
[BlackCountry "ISR"]
[WhiteElo "1591"]
[WhiteRD "70"]
[BlackElo "1995"]
[BlackRD "74"]
[GameID "231429"]

1. e4 Nf6 2. d3 e5 3. Nf3 Nc6 4. Bg5 Be7 5. Nc3 h6 6. Bxf6 Bxf6 7. g3 d6 8. Be2 O-O 9. O-O Bh3 10. Re1 Nd4
11. Nxd4 exd4 12. Nd5 c6 13. Nf4 Bd7 14. Bg4 Be5 15. Bxd7 Qxd7 16. Ng2 f5 17. f4 Bf6 18. e5 dxe5 19. fxe5 Bg5 20. h4 Be7
21. Nf4 Qc7 22. e6 Bxh4 23. gxh4 Qxf4 24. Qh5 Rae8 25. Rf1 Qe3+ 26. Kh1 Qxe6 27. Rae1 Qd5+ 28. Kg1 Rxe1 29. Rxe1 Qf7 30. Qxf7+ Rxf7
31. Kg2 Kf8 32. Kf3 g5 33. hxg5 hxg5 34. Rg1 Rg7 35. Rh1 Kf7 36. Rh6 g4+ 37. Kf4 g3 38. Rh1 g2 39. Rg1 Kf6 40. b4 Rg4+
41. Kf3 Kg5
0-1

[Event "last chance to add points to your rating this year"]
[Site "SchemingMind.com"]
[Date "2009.12.16"]
[Round "-"]
[White "Queeny"]
[Black "lemmie"]
[Result "1-0"]
[WhiteCountry "ENG"]
[BlackCountry "NED"]
[WhiteElo "1572"]
[WhiteRD "64"]
[BlackElo "1630"]
[BlackRD "48"]
[GameID "231430"]

1. e4 e5 2. Nf3 Nc6 3. Nc3 Bc5 4. Bb5 Nge7 5. O-O a6 6. Bxc6 Nxc6 7. d3 d6 8. Nd5 h6 9. a3 Be6 10. b4 Ba7
11. c4 Nd4 12. Bb2 Bg4 13. Bxd4 Bxd4 14. Rb1 c6 15. Ne3 Bh5 16. Nf5 Ba7 17. Nxg7+ Kf8 18. Nxh5 Rg8 19. Qd2 Rg6 20. c5 dxc5
21. Nxe5 Rd6 22. bxc5 Rb8 23. cxd6 Qxd6 24. Qf4 Qxa3 25. Qxf7#
1-0

[Event "last chance to add points to your rating this year"]
[Site "SchemingMind.com"]
[Date "2009.12.17"]
[Round "-"]
[White "jtrochez1"]
[Black "Queeny"]
[Result "0-1"]
[WhiteCountry "HON"]
[BlackCountry "ENG"]
[WhiteElo "1530"]
[WhiteRD "51"]
[BlackElo "1572"]
[BlackRD "64"]
[GameID "231431"]

1. e4 e5 2. Bc4 Nf6 3. Nc3 Bb4 4. d3 d5 5. exd5 Nxd5 6. Bd2 Nf6 7. h3 O-O 8. Qe2 Nc6 9. Nf3 a6 10. O-O b5
11. Bb3 Re8 12. a3 e4 13. dxe4 Bxc3 14. Bxc3 Nxe4 15. Qd1 Be6 16. Bxe6 Rxe6 17. Be1 Qf6 18. c3 Qh6 19. Nd4 Rg6 20. Kh2 Qf4+
21. Kg1 Qh4 22. Kh2 Ne5 23. Nf5 Qf4+ 24. g3 Qxf5 25. f4 Rh6 26. g4 Nxg4+ 27. Kh1 Rxh3+
0-1

[Event "last chance to add points to your rating this year"]
[Site "SchemingMind.com"]
[Date "2009.12.16"]
[Round "-"]
[White "TONYTODD11"]
[Black "Queeny"]
[Result "0-1"]
[WhiteCountry "ENG"]
[BlackCountry "ENG"]
[WhiteElo "1498"]
[WhiteRD "69"]
[BlackElo "1572"]
[BlackRD "64"]
[GameID "231432"]

1. e4 e5 2. f4 d6 3. Nf3 Nc6 4. Bc4 Nf6 5. Ng5 d5 6. Bb3 Nxe4 7. Bxd5 Qxd5 8. O-O Bc5+ 9. Kh1 Nf2+ 10. Rxf2 Bxf2
11. d3 e4 12. Nxe4 Bf5 13. Qe2 Bxe4 14. Nc3 Nd4 15. Qxf2 Bxg2+ 16. Qxg2 Qxg2+ 17. Kxg2 Nxc2 18. Rb1 Ne1+ 19. Kf1 Nxd3 20. Be3 c6
21. Ne4 O-O 22. Bc5 Rfd8 23. Be3 Re8 24. Rd1 Nxb2 25. Rd4 c5 26. Nd6 cxd4 27. Nxe8 dxe3 28. Nd6 Rd8 29. Ke2 Rxd6
0-1

[Event "last chance to add points to your rating this year"]
[Site "SchemingMind.com"]
[Date "2009.12.16"]
[Round "-"]
[White "calidore"]
[Black "Queeny"]
[Result "1-0"]
[WhiteCountry "ISR"]
[BlackCountry "ENG"]
[WhiteElo "1995"]
[WhiteRD "74"]
[BlackElo "1591"]
[BlackRD "70"]
[GameID "231433"]

1. e4 e5 2. Nf3 d6 3. d4 Bg4 4. dxe5 Bxf3 5. Qxf3 dxe5 6. Bc4 Nf6 7. Qb3 Qd7 8. Qxb7 Qg4 9. Qxa8 Qxe4+ 10. Qxe4 Nxe4
11. O-O Bc5 12. Nd2 Bxf2+ 13. Rxf2 Nxf2 14. Kxf2 O-O 15. Ne4 Nc6 16. c3 Na5 17. Bb5 f5 18. Ng5 Nb7 19. Be3 Rd8 20. Ne6
1-0

[Event "last chance to add points to your rating this year"]
[Site "SchemingMind.com"]
[Date "2009.12.17"]
[Round "-"]
[White "lemmie"]
[Black "Queeny"]
[Result "0-1"]
[WhiteCountry "NED"]
[BlackCountry "ENG"]
[WhiteElo "1630"]
[WhiteRD "48"]
[BlackElo "1572"]
[BlackRD "64"]
[GameID "231434"]

1. e4 e5 2. Nf3 d6 3. Bc4 Nf6 4. Nc3 Be7 5. d4 Bg4 6. d5 c6 7. h3 Bxf3 8. Qxf3 O-O 9. dxc6 Nxc6 10. Nd5 Nd4
11. Nxf6+ Bxf6 12. Qd3 Bh4 13. c3 Ne6 14. g3 Bf6 15. Be3 a6 16. O-O b5 17. Bb3 Bg5 18. h4 Bf6 19. Rad1 Bxh4 20. gxh4 Qxh4
21. Bxe6 fxe6 22. Rfe1 Rf6 23. Qxd6 Qxe4 24. Qd3 Qg4+ 25. Kf1 Rff8 26. Bc5 Rfd8 27. Qc2 Qc4+ 28. Kg1 Qxc5 29. Rxd8+ Rxd8 30. Qb3 Rf8
31. Qxe6+ Kh8 32. Rf1 a5 33. a3 a4 34. Kg2 h6 35. Qg6 Rf6 36. Qg3 Rf5 37. Rg1 Rg5
0-1

[Event "last chance to add points to your rating this year"]
[Site "SchemingMind.com"]
[Date "2009.12.17"]
[Round "-"]
[White "lemmie"]
[Black "saidone"]
[Result "1-0"]
[WhiteCountry "NED"]
[BlackCountry "ITA"]
[WhiteElo "1630"]
[WhiteRD "48"]
[BlackElo "1409"]
[BlackRD "72"]
[GameID "231469"]

1. e4 Nc6 2. d4 e5 3. Nf3 d6 4. d5 Nce7 5. Bg5 h6 6. Be3 Bg4 7. Be2 Nf6 8. h3 Bh5 9. Nc3 Bg6 10. Bd3 a6
11. a3
1-0

[Event "last chance to add points to your rating this year"]
[Site "SchemingMind.com"]
[Date "2009.12.18"]
[Round "-"]
[White "muxman"]
[Black "jtrochez1"]
[Result "1-0"]
[WhiteCountry "ITA"]
[BlackCountry "HON"]
[WhiteElo "1700"]
[WhiteRD "87"]
[BlackElo "1530"]
[BlackRD "51"]
[GameID "231556"]

1. e4 e5 2. f4 Bc5 3. Nf3 exf4 4. d4 Be7 5. Bxf4 h6 6. Bc4 d6 7. O-O Bd7 8. Nc3 Bg4 9. Bxf7+ Kxf7 10. Ne5+ dxe5
11. Bxe5+ Bf6 12. Qxg4 Qd7 13. Qh5+ g6 14. Qh4 Qd8 15. Bxf6 Nxf6 16. e5 Ke8 17. exf6 Kf7 18. Rae1 Nc6 19. d5 Nb8 20. Re7+ Kf8
21. Qe4 Rg8 22. Qe6
1-0

[Event "last chance to add points to your rating this year"]
[Site "SchemingMind.com"]
[Date "2009.12.18"]
[Round "-"]
[White "muxman"]
[Black "TONYTODD11"]
[Result "1-0"]
[WhiteCountry "ITA"]
[BlackCountry "ENG"]
[WhiteElo "1700"]
[WhiteRD "87"]
[BlackElo "1498"]
[BlackRD "69"]
[GameID "231557"]

1. e4 c6 2. d4 d5 3. Nc3 e6 4. Nf3 Bb4 5. Bd3 c5 6. dxc5 d4 7. a3 Qa5 8. Nxd4 Bxc3+ 9. Bd2 Bxd2+ 10. Qxd2 Qxc5
11. Nb3 Qe5 12. O-O-O Nf6 13. f4 Qc7 14. Bb5+ Bd7 15. Qd3 Qxf4+ 16. Nd2 Nc6 17. g3 Qg5 18. Kb1 Na5 19. Bxd7+ Nxd7 20. Nf3 Nc5
21. Qb5+ Ke7 22. Nxg5 b6 23. b4 Rab8 24. Qf1 Nc4 25. Qxf7#
1-0

[Event "last chance to add points to your rating this year"]
[Site "SchemingMind.com"]
[Date "2009.12.18"]
[Round "-"]
[White "muxman"]
[Black "calidore"]
[Result "0-1"]
[WhiteCountry "ITA"]
[BlackCountry "ISR"]
[WhiteElo "1700"]
[WhiteRD "87"]
[BlackElo "1862"]
[BlackRD "76"]
[GameID "231558"]

1. e4 Nf6 2. e5 Nd5 3. c4 Nb6 4. d4 d6 5. f4 dxe5 6. fxe5 Bf5 7. Nc3 e6 8. Bd3 Bxd3 9. Qxd3 Be7 10. Nf3 O-O
11. O-O Nc6 12. Be3 Nd7 13. a3 Ndxe5 14. Qe2 Nxf3+ 15. Rxf3 Nxd4 16. Bxd4 Qxd4+ 17. Kh1 a6 18. Rd1 Qg4 19. Rg3 Qxe2 20. Nxe2 Rfd8
21. Rdd3 Rxd3 22. Rxd3 Rd8 23. Rxd8+ Bxd8 24. Kg1 Bf6 25. b3 Kf8 26. Kf2 Ke7 27. Kf3 Be5
0-1

[Event "last chance to add points to your rating this year"]
[Site "SchemingMind.com"]
[Date "2009.12.18"]
[Round "-"]
[White "muxman"]
[Black "Queeny"]
[Result "1-0"]
[WhiteCountry "ITA"]
[BlackCountry "ENG"]
[WhiteElo "1700"]
[WhiteRD "87"]
[BlackElo "1572"]
[BlackRD "64"]
[GameID "231559"]

1. e4 e5 2. f4 Bc5 3. Nf3 exf4 4. d4 Bb6 5. Bxf4 d6 6. Bc4 Bg4 7. O-O Nf6 8. Nc3 O-O 9. Qe1 Bxf3 10. Rxf3 Bxd4+
11. Kf1 Ng4 12. Qg3 h5 13. h3 Be5 14. hxg4 h4 15. Qh2 g5 16. Bxe5 dxe5 17. Qxe5 Nd7 18. Qf5 Qf6 19. Qxf6 Nxf6 20. Rxf6 Rad8
21. Rd1
1-0

[Event "last chance to add points to your rating this year"]
[Site "SchemingMind.com"]
[Date "2009.12.17"]
[Round "-"]
[White "muxman"]
[Black "lemmie"]
[Result "0-1"]
[WhiteCountry "ITA"]
[BlackCountry "NED"]
[WhiteElo "1700"]
[WhiteRD "87"]
[BlackElo "1630"]
[BlackRD "48"]
[GameID "231560"]

1. e4 e5 2. f4 d5 3. exd5 e4 4. d3 Nf6 5. dxe4 Nxe4 6. Nf3 c6 7. Bd3 Bf5 8. Ng5 cxd5 9. Qe2 Qe7 10. O-O Nxg5
11. Qxe7+ Bxe7 12. Bxf5 Ne6 13. Re1 Kd7 14. Nc3 d4 15. Nb5 Nc6 16. Bg4 g6 17. b3 a6 18. Na3 Bb4 19. Re4 Bc3 20. Rb1 f5
21. Rxe6 Kxe6 22. Bf3 Rhe8 23. Nc4 Rab8 24. a3 Kd7 25. Nb6+ Kd8 26. Bb2 Bxb2 27. Rxb2 Kc7 28. Nd5+ Kd6 29. Nf6 Re7 30. Nd5 Re1+
31. Kf2 Rbe8 32. Nf6 R8e7 33. h3 h5 34. Nd5 Re8 35. b4 b5 36. Rb3 R8e6 37. Rd3 Rc1 38. Rd2 Ree1 39. Nc3 h4 40. Rd1 Rexd1
41. Nxd1 Rxc2+ 42. Ke1 d3 43. Ne3 Ra2
0-1

[Event "last chance to add points to your rating this year"]
[Site "SchemingMind.com"]
[Date "2009.12.18"]
[Round "-"]
[White "jtrochez1"]
[Black "muxman"]
[Result "1-0"]
[WhiteCountry "HON"]
[BlackCountry "ITA"]
[WhiteElo "1538"]
[WhiteRD "49"]
[BlackElo "1530"]
[BlackRD "141"]
[GameID "231562"]

1. e4 e6 2. d4 d5 3. e5 c5 4. c3 Qb6 5. Nf3 Bd7 6. a4 Nc6 7. a5 Nxa5 8. Nbd2 Bb5 9. Bxb5+ Qxb5 10. Qa4 Qxa4
11. Rxa4 Nc6 12. O-O cxd4 13. cxd4 Nxd4 14. Nxd4
1-0

[Event "last chance to add points to your rating this year"]
[Site "SchemingMind.com"]
[Date "2009.12.19"]
[Round "-"]
[White "TONYTODD11"]
[Black "muxman"]
[Result "0-1"]
[WhiteCountry "ENG"]
[BlackCountry "ITA"]
[WhiteElo "1498"]
[WhiteRD "69"]
[BlackElo "1700"]
[BlackRD "87"]
[GameID "231563"]

1. d4 Nf6 2. c4 c5 3. Nf3 e6 4. Bg5 Be7 5. g3 O-O 6. Bg2 d5 7. Na3 a6 8. Ne5 Nc6 9. Bxf6 Bxf6 10. Nxc6 bxc6
11. e3 Qa5+ 12. Qd2 Qxd2+ 13. Kxd2 cxd4 14. exd4 Bxd4 15. f4 Bxb2 16. Raf1 Bxa3 17. Rf3 Bb4+ 18. Ke2 Rb8 19. Rb3 Bd6 20. Rc3 Rb2+
21. Kf3 Bc5 22. Rf1 Bd7 23. cxd5 Bb4 24. Rb3 Rxb3+ 25. axb3 cxd5 26. Bh3 Bb5 27. Rc1 Rd8 28. f5 exf5 29. Bxf5 d4 30. Bc2 Re8
31. Kf4 Bd2+
0-1

[Event "last chance to add points to your rating this year"]
[Site "SchemingMind.com"]
[Date "2009.12.22"]
[Round "-"]
[White "calidore"]
[Black "muxman"]
[Result "1-0"]
[WhiteCountry "ISR"]
[BlackCountry "ITA"]
[WhiteElo "1995"]
[WhiteRD "74"]
[BlackElo "1530"]
[BlackRD "141"]
[GameID "231564"]

1. e4 c5 2. c3 Nc6 3. d4 cxd4 4. cxd4 e6 5. Nf3 Nf6 6. Nc3 Bb4 7. Bd3 d5 8. e5 Nd7 9. O-O f6 10. exf6 gxf6
11. a3 Ba5 12. Re1 e5 13. dxe5 Ncxe5 14. Nxe5
1-0

[Event "last chance to add points to your rating this year"]
[Site "SchemingMind.com"]
[Date "2009.12.18"]
[Round "-"]
[White "Queeny"]
[Black "muxman"]
[Result "0-1"]
[WhiteCountry "ENG"]
[BlackCountry "ITA"]
[WhiteElo "1572"]
[WhiteRD "64"]
[BlackElo "1700"]
[BlackRD "87"]
[GameID "231565"]

1. e4 e6 2. d4 d5 3. Nc3 c5 4. Bb5+ Bd7 5. exd5 Bxb5 6. Nxb5 Qa5+ 7. Nc3 cxd4 8. Qxd4 exd5 9. Bd2 Nf6 10. Nf3 Nc6
11. Qe3+ Be7 12. O-O O-O 13. Nd4 Rae8 14. Nf5 d4 15. Qg3 Qxf5 16. Bh6 Qg6
0-1

[Event "last chance to add points to your rating this year"]
[Site "SchemingMind.com"]
[Date "2009.12.17"]
[Round "-"]
[White "lemmie"]
[Black "muxman"]
[Result "0-1"]
[WhiteCountry "NED"]
[BlackCountry "ITA"]
[WhiteElo "1630"]
[WhiteRD "48"]
[BlackElo "1700"]
[BlackRD "87"]
[GameID "231566"]

1. e4 e6 2. Nf3 c5 3. d4 cxd4 4. Nxd4 Nf6 5. Nc3 d6 6. Bg5 h6 7. Bh4 Be7 8. Bd3 O-O 9. O-O Nc6 10. h3 Nxd4
11. Bg3 a6 12. Qd2 b5 13. Nd1 Bb7 14. c3 Nc6 15. Ne3 Qd7 16. a3 Na5 17. b4 Nb3
0-1

[Event "last chance to add points to your rating this year"]
[Site "SchemingMind.com"]
[Date "2009.12.23"]
[Round "-"]
[White "Schaakmaatje"]
[Black "jtrochez1"]
[Result "0-1"]
[WhiteCountry "NED"]
[BlackCountry "HON"]
[WhiteElo "1680"]
[WhiteRD "47"]
[BlackElo "1530"]
[BlackRD "51"]
[GameID "231637"]

1. e4 e5 2. Nf3 Nc6 3. Bc4 f5 4. d3 h6 5. exf5 Nf6 6. Nc3 d5 7. Bb5 Bd7 8. O-O Bd6 9. Nh4 O-O 10. Bd2 d4
11. Ne4 Be8 12. Qf3 Be7 13. Ng6 Bxg6 14. fxg6 Nd5 15. Qh3 Nf4 16. Bxf4 exf4 17. Bc4+ Kh8 18. Be6 Ne5 19. Bf5 c5 20. Qg4 Nxg4
0-1